000 00613nam a2200181Ia 4500
008 151202s9999||||xx |||||||||||||| ||und||
082 _bPNVM-80505
100 _aदवणे प्रवीण.
245 _aवय: वादळविजांचं.
260 _b"नवचैतन्य प्रकाशन,बोरोवली."
260 _c2011
300 _a103
600 _aदवणे प्रवीण.
630 _aवय: वादळविजांचं.
700 _aदवणे प्रवीण.
730 _aवय: वादळविजांचं.
942 _cBOOK
999 _c1345113
_d1345110